| 000 | 00751nam a2200229 i 4500 | ||
|---|---|---|---|
| 001 | 19183 | ||
| 003 | ES-MaACL | ||
| 005 | 20230906152025.0 | ||
| 007 | t| | ||
| 008 | 020628s2001 sp ||||1| spa d | ||
| 020 | _a84-89582-84-X | ||
| 080 | _a308-053.81(460) | ||
| 100 | 1 |
_aMartín Serrano, Manuel. _977663 |
|
| 245 | 1 | 0 |
_aInforme juventud en España, 2000 / _cManuel Martín Serrano, Olivia Velarde Hermida. |
| 250 | _a1ª ed. | ||
| 260 |
_aMadrid : _bInstituto de la Juventud, _c2001. |
||
| 300 |
_a696 p. : _bgraf. col. ; _c24 cm. |
||
| 650 | 4 |
_aJóvenes- _zEspaña- _xSituación social. _913953 |
|
| 700 | 1 |
_aVelarde Hermida, Olivia. _9113705 |
|
| 710 | 2 |
_aInstituto de la Juventud (España) _94979 |
|
| 852 |
_aES-MaACL _jL-25617 _bR.131607 |
||
| 999 |
_c19183 _d19183 |
||